000 00313nam a22001337a 4500
008 170414b xxu||||| |||| 00| 0 eng d
020 _a9780964546776
041 _aeng
080 _26 ED
_a618
100 _a10
101 _aSHM
245 _aOBSTETRICS GYNECOLOGY INFERTILITY
_cGORDON.J.D
942 _2udc
_cBK
999 _c10779
_d10779